00458nam a2200121Ia 4500003000900000008004100009040001600050080001700066110003500083245015000118260005400268650001400322IN-BaIIA211028s9999 xx 000 0 eng d cIIA Library a52(083)bCAT aObservatoire Royal De Belgique 0aCatalogue des livers de La bibliothique de La observatoire royal de BruzellscObservatoire Royal De Belgique  aBruxellersbObservatoire Royal De Belgeiquec1847 aAstronomy